| 000 | 01121nam a2200229Ia 4500 | ||
|---|---|---|---|
| 999 |
_c50861 _d50861 |
||
| 001 | 17816 | ||
| 003 | GE_BSU | ||
| 005 | 20200224161231.0 | ||
| 008 | 181216s1975 xx |||||||||||||| ||eng|| | ||
| 040 | _cGE_BSU | ||
| 041 | _aeng | ||
| 080 | _a353.03(73) P-97 | ||
| 245 | _aPublic papers of the presidents of the United States Gerard R. Ford. | ||
| 245 | _bContaining the Public Message, Speeches, and Statements of the President. August 9 to december 31, 1974 | ||
| 264 |
_aNew York : _bUnited States government printing office, _c1975. |
||
| 300 |
_a841 p. : _c 26 cm. |
||
| 653 | _aContaining the Public Message, Speeches, and Statements of the President. August 9 to december 31, 1974 | ||
| 653 | _aPublic papers of the presidents of the United States Gerard R. Ford | ||
| 653 | _aშეერთებული შტატების პრეზიდენტების ჯერალდ რ ფორდის საჯარო ნაშრომები | ||
| 653 | _aსახელმწიფო ადმინისტრაციული მმართველობა | ||
| 942 |
_cBK _2udc |
||